000 00482nam a2200169 4500
001 131781
003 ES-MaACL
005 20231207063027.0
007 t|
008 070214s1972 sp r ||||1| spa d
100 1 _aRof Carballo, Juan,
_d1905-1994
_998915
245 1 0 _aSignos en el horizonte /
_cJuan Rof Carballo.
260 _aMadrid :
_bPrensa EspaƱola,
_c1972.
300 _a503 p. ;
_c19 cm.
852 _aES-MaACL
_jC-43607
_bR.82946
999 _c131781
_d131781